| 000 | 00815cam a22002891 4500 | ||
|---|---|---|---|
| 001 | 11672 | ||
| 003 | BD-RjUL | ||
| 005 | 20211208235149.0 | ||
| 008 | 140127s1964 nyua b 001 0 eng | ||
| 035 | _a(BD-RjUL)11721 | ||
| 035 | _a(OCoLC)491908 | ||
| 040 |
_aDLC _cODaWU _dOCoLC _dDLC _beng |
||
| 041 | _aeng | ||
| 082 |
_a301.2 _bHAN 1964 |
||
| 100 | 1 |
_aHarris, Marvin, _d1927- _936102 |
|
| 245 | 1 | 4 |
_aThe nature of cultural things/ _cMarvin Harris, |
| 260 |
_aNew York : _bRandom House, _c1964 |
||
| 300 |
_aviii, 209 p. _bdiagrs. _c19 cm. |
||
| 490 | 1 |
_aStudies in anthropology, _vAS5 |
|
| 504 | _aIncludes index | ||
| 650 | 0 |
_aAnthropology. _936103 |
|
| 830 | 0 |
_vAS5. _936109 |
|
| 830 | 0 |
_aStudies in anthropology (New York) ; _936110 |
|
| 942 |
_2ddc _cBK |
||
| 999 |
_c11672 _d11672 |
||